[Event "CZE-chT2e 0506"]
[Site "Czech Republic"]
[Date "2006.04.09"]
[Round "11.1"]
[White "Lev, Pavel"]
[Black "Vrana, Frantisek"]
[Result "0-1"]
[WhiteElo "2202"]
[BlackElo "2407"]
[PlyCount "60"]
[EventDate "2005.10.16"]
[EventType "team"]
[EventRounds "11"]
[EventCountry "CZE"]
[SourceTitle "EXT 2008"]
[Source "ChessBase"]
[SourceDate "2007.11.25"]
[SourceVersion "1"]
[SourceVersionDate "2007.11.25"]
[SourceQuality "1"]

1. e4 e6 2. Qe2 c5 3. g3 Nc6 4. c3 Nf6 5. Bg2 Be7 6. Nf3 d5 7. e5 Nd7 8. 0-0 g5 9. h3 h5 10. g4 hxg4 11. hxg4 Qc7 12. Re1 f6 13. d4 fxe5 14. dxe5 Rg8 15. Nbd2 b6 16. b4 cxb4 17. cxb4 Bxb4 18. Bb2 Nc5 19. Rec1 Ba6 20. Qe3 Qe7 21. Nb3 Kd7 22. Rd1 Raf8 23. Nfd4 Nxd4 24. Nxd4 Rh8 25. a3 Ba5 26. Nxe6 Nxe6 27. Bxd5 Kc8 28. Qe4 Rf4 29. Bxe6+ Kb8 30. Qc6 Bb7 0-1

[Event "CZE-chT2e 0506"]
[Site "Czech Republic"]
[Date "2005.10.16"]
[Round "1.1"]
[White "Symersky, Petr"]
[Black "Lev, Pavel"]
[Result "1/2-1/2"]
[WhiteElo "2166"]
[BlackElo "2202"]
[PlyCount "62"]
[EventDate "2005.10.16"]
[EventType "team"]
[EventRounds "11"]
[EventCountry "CZE"]
[SourceTitle "EXT 2008"]
[Source "ChessBase"]
[SourceDate "2007.11.25"]
[SourceVersion "1"]
[SourceVersionDate "2007.11.25"]
[SourceQuality "1"]

1. d4 Nf6 2. Nf3 e6 3. g3 c5 4. c4 b6 5. d5 b5 6. Bg2 Bb7 7. Ne5 Qc7 8. Nf3 bxc4 9. dxe6 fxe6 10. Qa4 Bc6 11. Qxc4 d5 12. Qc2 Nbd7 13. 0-0 Rb8 14. b3 Bd6 15. Ng5 Ne5 16. Nxe6 Qe7 17. Nf4 0-0 18. Nc3 Qf7 19. Nd3 Nfg4 20. f4 Nxh2 21. Nxe5 Bxe5 22. Kxh2 Bd4 23. e3 Bf6 24. Ba3 Be7 25. Rad1 Rfd8 26. Na4 Bxa4 27. bxa4 g5 28. Qd3 c4 29. Qc3 Bf6 30. Qd2 d4 31. exd4 Qh5+ 1/2-1/2